ბათუმის შოთა რუსთაველის სახელმწიფო უნივერსიტეტის ბიბლიოთეკა

ილია ჭავჭავაძე. (ბიბ.ჩანაწერი № 35824)

000 -LEADER
fixed length control field 00666nam a2200229Ia 4500
001 - CONTROL NUMBER
control field 1713
003 - CONTROL NUMBER IDENTIFIER
control field GE_BSU
008 - FIXED-LENGTH DATA ELEMENTS--GENERAL INFORMATION
fixed length control field 181216s||||||||xx |||||||||||||| ||und||
020 ## - INTERNATIONAL STANDARD BOOK NUMBER
International Standard Book Number 97899414253673
040 ## - CATALOGING SOURCE
Transcribing agency GE_BSU
080 ## - UNIVERSAL DECIMAL CLASSIFICATION NUMBER
Universal Decimal Classification number 929+821.353.1092
100 ## - MAIN ENTRY--PERSONAL NAME
Personal name ბაქრაძე, აკაკი
245 ## - TITLE STATEMENT
Title ილია ჭავჭავაძე.
245 ## - TITLE STATEMENT
Statement of responsibility, etc. მთ. რედ. ზაზა აბზიანიძე
260 ## - PUBLICATION, DISTRIBUTION, ETC.
Place of publication, distribution, etc. თბილისი
260 ## - PUBLICATION, DISTRIBUTION, ETC.
Name of publisher, distributor, etc. სს საქპრესი
260 ## - PUBLICATION, DISTRIBUTION, ETC.
Date of publication, distribution, etc. 2011
300 ## - PHYSICAL DESCRIPTION
Extent 168 გვ. 21 სმ.
653 ## - INDEX TERM--UNCONTROLLED
Uncontrolled term ჭავჭავაძე ილია
942 ## - ADDED ENTRY ELEMENTS (KOHA)
Koha item type წიგნი
ეგზემპლარები
Withdrawn status Lost status Damaged status Not for loan Date acquired Barcode Date last seen Price effective from Koha item type Public note
        2018-12-17 3613 2018-12-17 2018-12-17 წიგნი დარბაზი